000 00975nam a22002175i 4500
001 159347
003 ES-MaACL
005 20230906211544.0
008 970905s1830 fr |||| | fre d
040 _aAR
_bspa
_cAR
245 0 0 _aMémoires pour servir a l'histoire de France sous le Règne de Napoléon /
_cécrits a Ste-Héléne sous sa dictée par les Généraux qui ont partagé sa captivité.
250 _a2\pe\s éd... augm. de chapitres inédits ...
260 _aParis :
_bBossange Pèrè :
_bDufour et C\pie\s,
_c1830 (
_fImpr. de Gaultier-Laguionie)
300 _a9 v. (XXXV, 474 ; 466 ; 414 ; 456 ; 470 ; 437 ; 504 ; 438, 573 p.), [2] h. pleg. ;
_c22 cm.
505 8 _aPieces historiques: p. 273-533, t. 9
700 1 1 _aBossange
_c, Pèrè,
_eed.
_9126091
700 1 1 _aDufour,
_eed.
_9126864
700 2 1 _aGaultier-Laguionie,
_eimp.
_9127263
700 0 1 _aNapoleón
_bI
_c, Emperador de Francia.
_984910
852 _aES-MaACL
_jF-7323-7331
_z-- Enc. hol.
999 _c159347
_d159347